Prehistoric Mammals - Sudden Death - Statistics

General Stats
  • This quiz has been taken 238 times
  • The average score is 9 of 19
Answers on the Grid
Answers color-coded by a green-red scale on the quiz's grid according to % correct below.
Deinotherium
Mastodonsaurus
Perucetus
Hybodus
Dinofelis
Elasmosaurus
Carnotaurus
Paranthropus
Dinopithecus
Palaeoloxodon
Deinonychus
Thylacoleo
Koolasuchus
Hyaenodon
Daeodon
Diprotodon
Andrewsarchus
Elasmotherium
Basilosaurus
Macrauchenia
Glyptodon
Rhamphorhynchus
Diplodocus
Megaloceras
Deinocheirus
Hesperornis
Dinocrocuta
Pachyrhinosaurus
Lestodon
Eohippus
 
Answer Stats
Answer % Correct
Deinotherium
77%
Glyptodon
59%
Hyaenodon
56%
Thylacoleo
55%
Palaeoloxodon
53%
Andrewsarchus
50%
Daeodon
50%
Elasmotherium
50%
Diprotodon
48%
Megaloceras
48%
Dinopithecus
46%
Eohippus
44%
Basilosaurus
41%
Perucetus
39%
Dinofelis
38%
Lestodon
36%
Paranthropus
36%
Macrauchenia
32%
Dinocrocuta
26%
No matching quizzes found
Score Distribution
Percent of People with Each Score
Percentile by Number Answered
Your Score History
You have not taken this quiz